00429nam a2200121Ia 4500001000400000008004100004082002600045100009500071245007100166260002700237901002800264999001500292250241024s9999 xx 000 0 und d aRD/374/R426m/2008/v.4 aRepública Dominicana.Secretaria de Estado de Educación. Dirección General de Adultos 0aManual de lectoescritura y Cálculo Básico, Alfabeticemos ahora bEd. Alfa & Omegac2008 a27/10/2010 8:58:27 a.m. c8442d8442